| 000 | 01119cam a22002894a 4500 | ||
|---|---|---|---|
| 001 | 13524679 | ||
| 003 | ARRUPE | ||
| 005 | 20160816113832.0 | ||
| 008 | 040316r20042003miu b 001 0 eng | ||
| 010 | _a 2004046982 | ||
| 020 | _a0802827926 (pbk. : alk. paper) | ||
| 040 |
_aDLC _cDLC _dDLC |
||
| 042 | _apcc | ||
| 050 | 0 | 0 |
_aBT198 _b.G72 2004 |
| 082 | 0 | 0 |
_a232 _222 |
| 100 | 1 |
_aGreene, Colin J. D. _925123 |
|
| 245 | 1 | 0 |
_aChristology in cultural perspective : _bmarking out the horizons / _cColin J.D. Greene. |
| 260 |
_aGrand Rapids _bWilliam B. Eerdmans _c2004. |
||
| 300 |
_axvii, 434 p. ; _c24 cm. |
||
| 500 | _aOriginally published: Carlisle, Cumbria, UK : Paternoster Press, 2003. | ||
| 504 | _aIncludes bibliographical references (p. [387]-411) and indexes. | ||
| 600 | 0 | 0 |
_aJesus Christ _xHistory of doctrines. _97447 |
| 650 | 0 |
_aChristianity and culture _xHistory. _925124 |
|
| 906 |
_a7 _bcbc _corignew _d1 _eocip _f20 _gy-gencatlg |
||
| 942 |
_2lcc _cMONOGRAPH |
||
| 999 |
_c125032 _d125032 |
||